000 00475nam a2200169Ia 4500
999 _c28142
_d28142
003 OSt
005 20210105100110.0
008 190216s9999||||xx |||||||||||||| ||und||
040 _coclc
082 _a894.812301
_bIBR/R
100 _aIbrahim, P
_92033
245 0 _aRathri Nagaram /
_cP Ibrahim
260 _bPoorna Publications,
_aKozhikode:
_c2000.
300 _a40p
650 _aKathakal
942 _cBK
_2ddc
_h894.812301
_iIBR/R
_k894.812301
_mIBR/R